20 World Capital Pairs Closest to X but far from each other - Statistics

General Stats
  • This quiz has been taken 738 times
  • The average score is 27 of 40
Answers on the Map
Answers color-coded by a green-red scale on the quiz's map according to % correct below.
 
Answer Stats
Capital % Correct
Canberra
88%
Canberra
88%
Canberra
88%
Tokyo
88%
Tokyo
88%
Wellington
85%
Wellington
85%
Wellington
85%
Ottawa
84%
Ottawa
84%
Santiago
82%
Santiago
82%
Santiago
82%
Mexico City
78%
Mexico City
78%
Brasília
76%
Brasília
76%
Reykjavík
75%
Reykjavík
75%
Cape Town
72%
Cape Town
72%
Cape Town
72%
Cape Town
72%
Lima
72%
Jakarta
61%
Jakarta
61%
Montevideo
56%
Montevideo
56%
Ulaanbaatar
54%
Ulaanbaatar
54%
Apia
50%
Apia
50%
Apia
50%
Lisbon
48%
Helsinki
43%
Nukuʻalofa
38%
Port Louis
37%
Port Louis
37%
Windhoek
37%
Majuro
35%
No matching quizzes found
Score Distribution
Percent of People with Each Score
Percentile by Number Answered
Your Score History
You have not taken this quiz